| 000 | 00576cab a2200217 4500 | ||
|---|---|---|---|
| 001 | X1524 | ||
| 008 | 090401t1994 xxu||||| |||| 00| 0 eng d | ||
| 035 | _a(Sirsi) u17535 | ||
| 041 | _aeng | ||
| 245 | _aEstimated realisation price suffers from hazy definition | ||
| 260 | _c1994 | ||
| 350 | _a0 | ||
| 490 |
_aCSM (Chartered Surveyor Monthly) _v3(8) May 1994, 19(1) |
||
| 650 | _aESTIMATED REALISATION PRICE | ||
| 650 | _aRICS MANUAL OF VALUATION | ||
| 650 | _aVGN12 | ||
| 650 | _aWHITE BOOK | ||
| 690 | _aRATING AND VALUATION | ||
| 942 | _n0 | ||
| 948 | _c04/03/1997 | ||
| 999 |
_c11629 _d11629 |
||